000 00681naa a2200217 i 4500
001 28487
003 ES-MaBCM
005 20241016094905.0
008 871010s1976 ita 000 0 ita d
021 _axx
035 _a(OCoLC)1365176268
040 _cES-MaBCM
041 0 _aita
043 _aita
100 1 _aBellanca, Nicolo Aldo
_94287
245 1 0 _aInfluenza dei partiti politici sull'attivitĂ  amministrativa ed interesse privato in atti d'ufficio
_cNicolo Aldo Bellanca
650 2 7 _aPartidos polĂ­ticos
_959719
651 2 4 _aItalia
_9115380
773 0 _aEn:
_tL'amministrazione italiana
_dEmpoli : 1976
_w104227
_gn. 3, mar., p. 346-354. - Loc. S.52
942 _cAREV
999 _c28487
_d28487